Español-portugués, portugués -espanhol : (Registro nro. 15343)

Detalles MARC
000 -CABECERA
campo de control de longitud fija 01050nam a2200325 4500
001 - NÚMERO DE CONTROL
campo de control
003 - IDENTIFICADOR DEL NÚMERO DE CONTROL
campo de control DO-SdBPM
005 - FECHA Y HORA DE LA ÚLTIMA TRANSACCIÓN
campo de control 20250821105728.0
008 - DATOS DE LONGITUD FIJA--INFORMACIÓN GENERAL
campo de control de longitud fija 040820s1999 sp | ||| ||spa
020 ## - NÚMERO INTERNACIONAL ESTÁNDAR DEL LIBRO
Número Internacional Estándar del Libro 8567015314
040 ## - FUENTE DE LA CATALOGACIÓN
Centro catalogador/agencia de origen BPMSU
Lengua de catalogación spa
Centro/agencia transcriptor BPMSU
Centro/agencia modificador rda
082 #4 - NÚMERO DE LA CLASIFICACIÓN DECIMAL DEWEY
Número de clasificación R469.36
Número de documento/Ítem ES77p 1999
Número de edición 22
245 10 - MENCIÓN DE TÍTULO
Título Español-portugués, portugués -espanhol :
Resto del título diccionario práctico /
Mención de responsabilidad, etc. Helena B. C. Pereira
246 13 - FORMA VARIANTE DE TÍTULO
Título propio/Titulo breve Dicccionario práctico
260 ## - PUBLICACIÓN, DISTRIBUCIÓN, ETC.
Fecha de publicación, distribución, etc.
264 ## - PRODUCCIÓN, PUBLICACIÓN, DISTRIBUCIÓN, FABRICACIÓN Y COPYRIGHT
Producción, publicación, distribución, fabricación y copyright México :
Nombre del de productor, editor, distribuidor, fabricante Ediciones Larousse,
Fecha de producción, publicación, distribución, fabricación o copyright 1999
300 ## - DESCRIPCIÓN FÍSICA
Extensión 631 páginas ;
Dimensiones 20 cm
Otras características físicas
336 ## - TIPO DE CONTENIDO
Término de tipo de contenido texto
Código de tipo de contenido n
Fuente rdacontent
337 ## - TIPO DE MEDIO
Nombre/término del tipo de medio sin mediación
Código del tipo de medio n
Fuente rdamedia
338 ## - TIPO DE SOPORTE
Nombre/término del tipo de soporte volumen
Código del tipo de soporte nc
Fuente rdacarrier
505 0# - NOTA DE CONTENIDO CON FORMATO
Nota de contenido con formato v. 1 : Diccionario de la lengua española
590 ## - NOTA LOCAL (RLIN)
Nota local Inventariado, 2025/VM
650 ## - PUNTO DE ACCESO ADICIONAL DE MATERIA--TÉRMINO DE MATERIA
Término de materia o nombre geográfico como elemento de entrada Español
Subdivisión de forma Diccionarios
Subdivisión general Portugués
Fuente del encabezamiento o término
650 #7 - PUNTO DE ACCESO ADICIONAL DE MATERIA--TÉRMINO DE MATERIA
Término de materia o nombre geográfico como elemento de entrada Porgtugués
Subdivisión de forma Diccionarios
Subdivisión general Espanhol
590 ## - NOTA LOCAL (RLIN)
Enlace (RLIN) Inventariado, 2025/VM
700 1# - PUNTO DE ACCESO ADICIONAL--NOMBRE DE PERSONA
Nombre de persona Pereira, Helena B. C.
Término indicativo de función/relación
710 2# - PUNTO DE ACCESO ADICIONAL--NOMBRE DE ENTIDAD CORPORATIVA
Nombre de entidad corporativa o nombre de jurisdicción como elemento de entrada Larousse
910 ## - DATOS DE OPCIÓN DEL USUARIO (OCLC)
Datos de opción del usuario VMateo V. Control de calidad. BPMSU
942 ## - ELEMENTOS DE PUNTO DE ACCESO ADICIONAL (KOHA)
Fuente del sistema de clasificación o colocación Dewey Decimal Classification
Tipo de ítem Koha Libros
Existencias
Estado de retiro Estado de pérdida Fuente del sistema de clasificación o colocación No para préstamo Código de colección Localización permanente Ubicación/localización actual Fecha de adquisición Fuente de adquisición Total de préstamos Signatura topográfica completa Código de barras Fecha visto por última vez Precio válido a partir de Tipo de ítem Koha
    Dewey Decimal Classification   Colección de Referencia General Biblioteca Pública Metropolitana Salomé Ureña Biblioteca Pública Metropolitana Salomé Ureña 08/21/2025 Mara Fileto   BPMSU CGR R469.36 E77p 1999 BPMSU25080053 08/21/2025 08/21/2025 Libros